[Event "10MCR_4DW_1L_3S"]
[Site "CR"]
[Date "2012.??.??"]
[Round "?"]
[White "Struzka, Vlastimil"]
[Black "Ryska, Jiri"]
[Result "1-0"]
[WhiteElo "2224"]
[BlackElo "1900"]
[Annotator "42"]
[PlyCount "151"]
[EventDate "2012.??.??"]
[EventType "corr"]

1. d4 Nf6 2. c4 g6 3. Nc3 Bg7 4. e4 d6 5. h3 O-O 6. Nf3 e5 7. d5 Na6 8. Bd3 Nc5
9. Bc2 a5 10. O-O Bd7 11. Be3 b6 12. Re1 Qc8 13. Rb1 Re8 14. b3 Nh5 15. a3 Nf4
16. Ne2 Nxe2+ 17. Qxe2 f5 18. exf5 gxf5 19. Qd1 Rf8 20. b4 axb4 21. axb4 Na4
22. Rb3 b5 23. cxb5 h6 24. Ra3 Nb6 25. Rc3 Qd8 26. Bb3 Bxb5 27. Qc2 Rf7 28. Rc1
f4 29. Bxb6 cxb6 30. Rc6 Kh8 31. Nd2 Bxc6 32. dxc6 Rc7 33. Bd5 Qe7 34. Ne4 Re8
35. Ra1 Bf6 36. Ra6 Rb8 37. Qe2 Qd8 38. Qb5 Bh4 39. Rxb6 Rxb6 40. Qxb6 Rg7 41.
Qa6 Qb8 42. Qe2 Qxb4 43. c7 Rxc7 44. Qh5 Bxf2+ 45. Nxf2 Kg7 46. Qg4+ Kf8 47.
Kh2 Qd4 48. Qf5+ Kg7 49. Ng4 Qxd5 50. Qf6+ Kg8 51. Qd8+ Kg7 52. Qxc7+ Kg6 53.
Qe7 Qd3 54. Qf6+ Kh7 55. Qf7+ Kh8 56. Qf8+ Kh7 57. Qxh6+ Kg8 58. Qg5+ Kf7 59.
Nh6+ Ke6 60. h4 f3 61. Qg4+ Kd5 62. Qxf3+ Qxf3 63. gxf3 e4 64. fxe4+ Kxe4 65.
Kg3 d5 66. Ng4 d4 67. Nf2+ Kf5 68. Kf3 d3 69. Nxd3 Kf6 70. Kf4 Kg6 71. Ne5+ Kh5
72. Kg3 Kh6 73. Kg4 Kg7 74. Kg5 Kh7 75. h5 Kg8 76. h6 1-0

[Event "10MCR_4DW_1L_3S"]
[Site "CR"]
[Date "2013.??.??"]
[Round "?"]
[White "Prchly, Milos"]
[Black "Alexa, Jaroslav"]
[Result "1/2-1/2"]
[WhiteElo "2293"]
[BlackElo "2345"]
[Annotator "43"]
[PlyCount "70"]
[EventDate "2012.??.??"]
[EventType "corr"]

1. d4 d5 2. c4 dxc4 3. Nf3 Nf6 4. e3 e6 5. Bxc4 c5 6. O-O a6 7. Qe2 b5 8. Bb3
Bb7 9. Rd1 Nbd7 10. Nc3 Qb8 11. d5 Nxd5 12. Nxd5 exd5 13. Bxd5 Bxd5 14. Rxd5
Be7 15. e4 Qb7 16. Bg5 f6 17. Bf4 O-O 18. Nh4 Nb6 19. Rd3 Rfe8 20. Nf5 Bf8 21.
Re1 Rad8 22. Rxd8 Rxd8 23. h4 g6 24. Qg4 Kh8 25. Ne3 Re8 26. f3 Qf7 27. b3 c4
28. bxc4 Nxc4 29. Nd5 f5 30. Qg5 fxe4 31. Rxe4 h6 32. Qg4 Rd8 33. Nc7 Bc5+ 34.
Kh1 Rd1+ 35. Kh2 Nd6 1/2-1/2

[Event "10MCR_4DW_1L_3S"]
[Site "CR"]
[Date "2013.??.??"]
[Round "?"]
[White "Jirku, Jaroslav"]
[Black "Alexa, Jaroslav"]
[Result "1-0"]
[WhiteElo "2329"]
[BlackElo "2345"]
[Annotator "44"]
[PlyCount "59"]
[EventDate "2012.??.??"]
[EventType "corr"]

1. e4 c5 2. Nf3 d6 3. d4 cxd4 4. Nxd4 Nf6 5. Nc3 a6 6. Be3 e5 7. Nb3 Be6 8. Qd2
Nbd7 9. f3 b5 10. O-O-O Be7 11. Kb1 O-O 12. g4 Nb6 13. g5 Nfd7 14. Nd5 Bxd5 15.
exd5 Qc7 16. f4 Rac8 17. fxe5 Nxe5 18. Qg2 Nbc4 19. Bc1 Bd8 20. Nd4 Qa7 21. h4
Bb6 22. Nf5 Qd7 23. Qe4 Rce8 24. Bh3 Qc7 25. h5 Nd7 26. Qf3 Nce5 27. Qf4 b4 28.
Rdf1 a5 29. Nxg7 Rc8 30. Rh2 1-0

[Event "10MCR_4DW_1L_3S"]
[Site "CR"]
[Date "2013.??.??"]
[Round "?"]
[White "Ryska, Jiri"]
[Black "Latta, Hynek"]
[Result "1/2-1/2"]
[WhiteElo "1900"]
[BlackElo "2143"]
[Annotator "45"]
[PlyCount "101"]
[EventDate "2012.??.??"]
[EventType "corr"]

1. e4 c6 2. d4 d5 3. Nd2 dxe4 4. Nxe4 Nd7 5. Bc4 Ngf6 6. Nxf6+ Nxf6 7. Nf3 Bf5
8. O-O e6 9. Re1 Be7 10. Ne5 Nd5 11. Bd3 Bxd3 12. Qxd3 O-O 13. c4 Bb4 14. Re4
Ne7 15. Bf4 Bd6 16. Rd1 Qc7 17. Qh3 Nf5 18. g4 Ne7 19. Qb3 b6 20. Bg3 Rad8 21.
Nf3 Ng6 22. Qc2 Rd7 23. b4 Rfd8 24. Rde1 Bxg3 25. hxg3 b5 26. Rc1 Qb6 27. c5
Qc7 28. a4 a6 29. Ra1 Ne7 30. Kg2 Nd5 31. g5 Nxb4 32. Qb1 Nd5 33. Rh4 g6 34.
axb5 axb5 35. Qb3 h5 36. gxh6 f6 37. Qc2 Kh7 38. Rg4 Rg8 39. Re4 Re7 40. Rh4
Qb8 41. Nd2 Ra7 42. Re1 Qe8 43. Rhe4 Re7 44. Rh1 Qf7 45. Ree1 Ra8 46. Ne4 Ra3
47. Nd6 Qg8 48. Qe2 Qa8 49. Qg4 f5 50. Qg5 Qf8 51. Re5 1/2-1/2

[Event "10MCR_4DW_1L_3S"]
[Site "CR"]
[Date "2013.??.??"]
[Round "?"]
[White "Prchly, Milos"]
[Black "Jirku, Jaroslav"]
[Result "1/2-1/2"]
[WhiteElo "2293"]
[BlackElo "2329"]
[Annotator "46"]
[PlyCount "65"]
[EventDate "2012.??.??"]
[EventType "corr"]

1. d4 d5 2. c4 e6 3. Nc3 Nf6 4. Bg5 Be7 5. e3 O-O 6. Nf3 h6 7. Bh4 b6 8. Bd3
Bb7 9. Bxf6 Bxf6 10. cxd5 exd5 11. O-O Re8 12. Rc1 c5 13. Bb5 Re6 14. Re1 a6
15. Bd3 Nd7 16. Qd2 g6 17. e4 cxd4 18. Nxd5 Bxd5 19. exd5 Rxe1+ 20. Rxe1 Nc5
21. Bb1 a5 22. Qf4 Bg7 23. Nxd4 Qxd5 24. Nf3 b5 25. h4 Rc8 26. b3 Bc3 27. Re3
Ne6 28. Qe4 Qd1+ 29. Kh2 Bb4 30. Qd3 Qxd3 31. Bxd3 Bc5 32. Re4 Nc7 33. Re2
1/2-1/2

[Event "10MCR_4DW_1L_3S"]
[Site "CR"]
[Date "2013.??.??"]
[Round "?"]
[White "Tunega, Frantisek"]
[Black "Latta, Hynek"]
[Result "1/2-1/2"]
[WhiteElo "2287"]
[BlackElo "2143"]
[Annotator "47"]
[PlyCount "85"]
[EventDate "2012.??.??"]
[EventType "corr"]

1. e4 c6 2. d4 d5 3. e5 Bf5 4. Nc3 e6 5. g4 Bg6 6. Nge2 c5 7. h4 h5 8. Nf4 Bh7
9. g5 cxd4 10. Nb5 Be4 11. f3 Bf5 12. Nxd4 Ne7 13. Nxf5 Nxf5 14. Bd3 g6 15.
Bxf5 gxf5 16. Qe2 Nc6 17. Bd2 Qc7 18. O-O-O O-O-O 19. Rde1 Kb8 20. Kb1 Bg7 21.
Nd3 Nd4 22. Qd1 Rc8 23. c3 Qc4 24. Bf4 Nc6 25. Qe2 Qb5 26. Be3 Na5 27. Bd4 Bf8
28. Rhg1 Nc6 29. Rc1 Ne7 30. Rh1 Ng6 31. f4 Be7 32. Qe3 b6 33. Rcd1 Bc5 34. Nc1
Kb7 35. Ne2 Qa4 36. Qf2 Bxd4 37. Nxd4 a6 38. Ka1 Rc7 39. Rd3 Rhc8 40. Rd2 Qb4
41. Qf3 Qc4 42. Qf2 Qb4 43. Qf3 1/2-1/2

[Event "10MCR_4DW_1L_3S"]
[Site "CR"]
[Date "2013.??.??"]
[Round "?"]
[White "Prchly, Milos"]
[Black "Leiner, Raimund"]
[Result "0-1"]
[WhiteElo "2293"]
[BlackElo "2379"]
[Annotator "48 - PCL"]
[PlyCount "106"]
[EventDate "2012.??.??"]
[EventType "corr"]

1. d4 Nf6 2. c4 c6 3. Nf3 d5 4. Nc3 e6 5. e3 Nbd7 6. Bd3 dxc4 7. Bxc4 b5 8. Bd3
Bb7 9. O-O a6 10. e4 c5 11. d5 Qc7 12. dxe6 fxe6 13. Bc2 c4 14. Nd4 Kf7 15. Qf3
Bc5 16. Be3 Rad8 17. Rad1 Rhe8 18. a3 Kg8 19. b4 cxb3 20. Bxb3 Bxd4 21. Bxd4
Kh8 22. Bxf6 Nxf6 23. Qe3 Rc8 24. Rd3 Ng4 25. Qh3 Ne5 26. Re3 Qe7 27. Rd1 Qxa3
28. Bxe6 Rcd8 29. Qh5 Rxd1+ 30. Qxd1 Qc5 31. Bd5 b4 32. Bxb7 bxc3 33. Qc2 Qb5
34. Bd5 Rc8 35. h3 Qb2 36. Bb3 g5 37. Re2 Qxc2 38. Rxc2 Rc5 39. Kf1 Nc6 40. Rc1
Nd4 41. Bc2 Ra5 42. Ke1 Ra1 43. Kd1 Ra2 44. e5 Kg7 45. e6 Rxc2 46. Rxc2 Nxc2
47. Kxc2 Kf6 48. Kxc3 Kxe6 49. Kc4 Ke5 50. Kd3 a5 51. Kc4 Ke4 52. Kc3 h5 53.
Kc4 h4 0-1

[Event "10MCR_4DW_1L_3S"]
[Site "CR"]
[Date "2013.??.??"]
[Round "?"]
[White "Nigrin, Jiri"]
[Black "Jirku, Jaroslav"]
[Result "1/2-1/2"]
[WhiteElo "2107"]
[BlackElo "2329"]
[Annotator "49"]
[PlyCount "116"]
[EventDate "2012.??.??"]
[EventType "corr"]

1. d4 d5 2. c4 e6 3. Nf3 Nf6 4. Nc3 c6 5. Bg5 h6 6. Bh4 dxc4 7. e4 g5 8. Bg3 b5
9. Be2 Bb7 10. O-O Nbd7 11. Ne5 Bg7 12. Nxd7 Nxd7 13. Bd6 Bf8 14. Bxf8 Kxf8 15.
e5 Qb6 16. f4 Rh7 17. Bh5 Rd8 18. a4 c5 19. a5 Qc6 20. Bf3 Qa6 21. d5 b4 22.
dxe6 Bxf3 23. Qxf3 Qxe6 24. Ne2 f6 25. Rad1 fxe5 26. fxg5+ Kg8 27. Qe3 Rf8 28.
Rxf8+ Nxf8 29. Qxc5 hxg5 30. Qxb4 Qg4 31. Rd8 Rf7 32. Ng3 Qf4 33. Qd2 Qxd2 34.
Rxd2 Ne6 35. Ne4 Rf4 36. Nd6 c3 37. bxc3 Ra4 38. Kf2 Kg7 39. h3 Rxa5 40. Kf3
Ra1 41. Kg4 Kg6 42. Rd5 Nf4 43. Rxe5 Kf6 44. Rxg5 Nxg2 45. Ne4+ Ke6 46. Nc5+
Kf6 47. h4 Rf1 48. Kg3 Nf4 49. Kg4 Ne2 50. Nd7+ Kf7 51. Rc5 Ke6 52. Re5+ Kxd7
53. Rxe2 Rg1+ 54. Kf5 Rf1+ 55. Kg6 Rg1+ 56. Kh6 a5 57. Ra2 Rc1 58. Rxa5 Rxc3
1/2-1/2

[Event "10MCR_4DW_1L_3S"]
[Site "CR"]
[Date "2013.??.??"]
[Round "?"]
[White "Tunega, Frantisek"]
[Black "Prchly, Milos"]
[Result "1-0"]
[WhiteElo "2287"]
[BlackElo "2293"]
[Annotator "50"]
[PlyCount "105"]
[EventDate "2012.??.??"]
[EventType "corr"]

1. e4 c5 2. Nf3 d6 3. d4 cxd4 4. Nxd4 Nf6 5. Nc3 g6 6. Be3 Bg7 7. f3 O-O 8. Qd2
Nc6 9. O-O-O d5 10. exd5 Nxd5 11. Nxc6 bxc6 12. Bd4 e5 13. Bc5 Be6 14. Ne4 Re8
15. h4 h6 16. g4 Qc7 17. h5 g5 18. Bc4 a5 19. a4 Red8 20. Qf2 Rab8 21. Rd3 Kh8
22. Rhd1 f5 23. gxf5 Bxf5 24. R1d2 Bf8 25. b3 Qf7 26. Qh2 Bxc5 27. Qxe5+ Qg7
28. Qxg7+ Kxg7 29. Nxc5 Bxd3 30. Ne6+ Kf6 31. Nxd8 Rxd8 32. Rxd3 Ke5 33. Kb2
Rf8 34. Bxd5 cxd5 35. c3 d4 36. cxd4+ Kd5 37. Ka3 Rb8 38. Re3 Rf8 39. Re5+ Kxd4
40. Rxa5 Ke3 41. Ra6 Kxf3 42. Rxh6 g4 43. b4 g3 44. Rg6 g2 45. a5 Kf2 46. Ka4
g1=Q 47. Rxg1 Kxg1 48. a6 Kf2 49. b5 Ke3 50. b6 Kd4 51. Kb4 Kd5 52. Kb5 Rf1 53.
a7 1-0

[Event "10MCR_4DW_1L_3S"]
[Site "CR"]
[Date "2013.??.??"]
[Round "?"]
[White "Schwarz, Jan"]
[Black "Tunega, Frantisek"]
[Result "1/2-1/2"]
[WhiteElo "2250"]
[BlackElo "2287"]
[Annotator "51"]
[PlyCount "116"]
[EventDate "2012.??.??"]
[EventType "corr"]

1. d4 Nf6 2. c4 g6 3. Nf3 Bg7 4. Nc3 d6 5. e4 O-O 6. h3 c5 7. d5 e6 8. Bd3 exd5
9. cxd5 a6 10. a4 Nbd7 11. O-O b6 12. Bf4 Qe7 13. Re1 Nh5 14. Bg5 Bf6 15. Be3
Ne5 16. g4 Nxf3+ 17. Qxf3 Ng7 18. Qg3 Bb7 19. Ra3 Rfc8 20. Bf4 Ne8 21. Bc4 Qd8
22. Rb3 Rcb8 23. e5 dxe5 24. Bxe5 Bxe5 25. Qxe5 b5 26. axb5 Nd6 27. Bf1 axb5
28. Bxb5 c4 29. Rb4 Qb6 30. Qf4 Ba6 31. Re7 Rf8 32. Bc6 Qxb4 33. Bxa8 Nb5 34.
d6 Qxd6 35. Qxd6 Nxd6 36. Bd5 Rd8 37. Rc7 Bc8 38. Kg2 Kf8 39. Kf3 Be6 40. Bxe6
fxe6 41. Ne4 Nxe4 42. Kxe4 Rd2 43. f4 Re2+ 44. Kd4 Rxb2 45. Ke5 Rb6 46. h4 c3
47. Rxc3 Rb7 48. Kxe6 Re7+ 49. Kf6 Rf7+ 50. Ke5 Kg7 51. Rc6 Re7+ 52. Re6 Rb7
53. Rd6 Re7+ 54. Kd5 h5 55. g5 Rf7 56. Ke5 Re7+ 57. Re6 Rc7 58. Kd5 Rd7+
1/2-1/2

[Event "10MCR_4DW_1L_3S"]
[Site "CR"]
[Date "2013.??.??"]
[Round "?"]
[White "Jirku, Jaroslav"]
[Black "Cvak, Rudolf"]
[Result "1-0"]
[WhiteElo "2329"]
[BlackElo "2375"]
[Annotator "52"]
[PlyCount "153"]
[EventDate "2012.??.??"]
[EventType "corr"]

1. e4 e5 2. Nf3 Nc6 3. Bb5 a6 4. Ba4 Nf6 5. O-O Be7 6. Re1 b5 7. Bb3 O-O 8. c3
d6 9. h3 Na5 10. Bc2 c5 11. d4 Qc7 12. Nbd2 cxd4 13. cxd4 Nc6 14. Nb3 a5 15.
Be3 a4 16. Nbd2 Nb4 17. Bb1 Bd7 18. a3 Nc6 19. Bd3 Na5 20. Qe2 Qb8 21. Rac1 Re8
22. Rc2 Bd8 23. dxe5 dxe5 24. Bc5 h6 25. Rec1 Be7 26. Bxe7 Rxe7 27. Qe3 Re6 28.
Rc5 Nb7 29. R5c3 Na5 30. Qc5 Be8 31. Qb4 Bc6 32. Bb1 Bd7 33. Qc5 Re8 34. Bd3
Re6 35. Kh1 Raa6 36. Qc7 Qxc7 37. Rxc7 Rad6 38. R1c3 Rc6 39. Rc5 Rxc7 40. Rxc7
Bc6 41. Kg1 Nd7 42. Ra7 Nb3 43. Nxb3 axb3 44. Ra5 Rd6 45. Bxb5 Bxe4 46. Bc4
Rd1+ 47. Kh2 Bxf3 48. gxf3 Rd2 49. Rd5 Rxf2+ 50. Kg3 Rc2 51. Bd3 Rc7 52. Bf5
Nf8 53. Rxe5 g6 54. Be4 Ne6 55. Rb5 Nd4 56. Rb7 Rc5 57. Kf2 f5 58. Bd3 Kf8 59.
Rb4 Rd5 60. Ke3 Nc2+ 61. Bxc2 bxc2 62. Rc4 Ra5 63. Rxc2 Ra4 64. Rc3 Ke7 65. b4
g5 66. Rd3 h5 67. b5 Ra5 68. Rb3 Kd7 69. Kd4 Ra8 70. Ke5 g4 71. h4 Kc7 72. f4
Rg8 73. a4 g3 74. Rb1 Ra8 75. Rg1 Rxa4 76. Rxg3 Rb4 77. Kxf5 1-0

[Event "10MCR_4DW_1L_3S"]
[Site "CR"]
[Date "2013.??.??"]
[Round "?"]
[White "Latta, Hynek"]
[Black "Prchly, Milos"]
[Result "0-1"]
[WhiteElo "2143"]
[BlackElo "2293"]
[Annotator "53"]
[PlyCount "100"]
[EventDate "2012.??.??"]
[EventType "corr"]

1. e4 c5 2. Nf3 d6 3. Bb5+ Bd7 4. Bxd7+ Qxd7 5. c4 Nc6 6. Nc3 g6 7. d4 cxd4 8.
Nxd4 Bg7 9. Nde2 Nf6 10. f3 O-O 11. O-O a6 12. a4 Qd8 13. Be3 Qa5 14. Rc1 Nd7
15. b3 Nc5 16. Nd5 e6 17. Ndf4 Rfd8 18. Rb1 Qc7 19. Nd3 Rab8 20. Bg5 Rd7 21.
Bf4 Be5 22. Be3 Nxd3 23. Qxd3 d5 24. f4 dxe4 25. Qxe4 f5 26. Qf3 Bf6 27. Qf2
Rd3 28. Kh1 b5 29. axb5 axb5 30. c5 Rbd8 31. b4 Qd7 32. Nc1 Rc3 33. Qe2 Qd5 34.
Bg1 Qc4 35. Re1 Kf7 36. g3 Qd5+ 37. Qg2 Rc4 38. Qxd5 Rxd5 39. Ne2 Re4 40. Kg2
Nxb4 41. Kf1 Nd3 42. Red1 b4 43. c6 Rc4 44. Bd4 Bxd4 45. Rxd3 Bc3 46. Rxd5 exd5
47. Nxc3 bxc3 48. Ke2 Ke6 49. Kd3 c2 50. Rc1 Kd6 0-1

[Event "10MCR_4DW_1L_3S"]
[Site "CR"]
[Date "2013.??.??"]
[Round "?"]
[White "Struzka, Vlastimil"]
[Black "Prchly, Milos"]
[Result "0-1"]
[WhiteElo "2224"]
[BlackElo "2293"]
[Annotator "54"]
[PlyCount "174"]
[EventDate "2012.??.??"]
[EventType "corr"]

1. d4 d5 2. Nc3 Nf6 3. Bf4 Bf5 4. e3 e6 5. Bd3 Bg6 6. Nf3 Be7 7. O-O O-O 8. a3
Nbd7 9. h3 c5 10. Bxg6 hxg6 11. Qd3 Rc8 12. Rfd1 a6 13. Qe2 Re8 14. Rab1 cxd4
15. exd4 Nb6 16. Rd3 Nc4 17. Nd1 b5 18. Ne3 Ne4 19. Nxc4 bxc4 20. Re3 Qb6 21.
Qd1 g5 22. Bh2 Red8 23. Ne5 Bd6 24. f3 Nf6 25. Kh1 Nh5 26. Re1 Re8 27. Qd2 f6
28. g4 fxe5 29. dxe5 Be7 30. gxh5 Rf8 31. Rf1 Qc6 32. Qe2 Rf5 33. Bg3 Qe8 34.
Kg2 Qxh5 35. b4 Bd8 36. a4 Qe8 37. a5 Bc7 38. c3 Bb8 39. Qe3 Qd7 40. Qb6 Rc6
41. Qf2 Qb7 42. Rb2 Bxe5 43. Bxe5 Rxe5 44. Rfb1 Qb5 45. Qd4 Rf5 46. Re2 Rd6 47.
Rbe1 Rf4 48. Qe5 Qd7 49. Rd2 Qd8 50. Re3 Kf7 51. Rde2 Kg8 52. Rd2 Kh7 53. Rde2
Rc6 54. Rc2 Qd7 55. Rce2 Kg6 56. Re1 Qd8 57. R3e2 Qf8 58. Re3 Kh6 59. Rb1 Rd6
60. Rbe1 g6 61. R1e2 Qd8 62. Rc2 Kh7 63. Rd2 Rf5 64. Qg3 Qe7 65. Rde2 Kg7 66.
Qe1 Kf7 67. Qg3 Qd8 68. Re5 Rc6 69. Qg4 Qf6 70. Qd4 Rc7 71. Qb6 Re7 72. R5e3 e5
73. Qd8 Qc6 74. Qb8 Re8 75. Qa7+ Kf6 76. Rd2 Rd8 77. Rd1 Qd6 78. Re2 Qe6 79.
Rde1 Rh8 80. Re3 Re8 81. Rd1 Rd8 82. Rde1 Qd6 83. Qb7 Rb8 84. Qa7 Rc8 85. Ra1
d4 86. cxd4 exd4 87. Rae1 dxe3 0-1

[Event "10MCR_4DW_1L_3S"]
[Site "CR"]
[Date "2013.??.??"]
[Round "?"]
[White "Prchly, Milos"]
[Black "Schwarz, Jan"]
[Result "0-1"]
[WhiteElo "2293"]
[BlackElo "2250"]
[Annotator "55"]
[PlyCount "184"]
[EventDate "2012.??.??"]
[EventType "corr"]

1. d4 Nf6 2. c4 e6 3. Nc3 Bb4 4. e3 O-O 5. Bd3 d5 6. Nf3 c5 7. O-O Nc6 8. a3
Bxc3 9. bxc3 Qc7 10. cxd5 exd5 11. Nh4 Ne7 12. a4 b6 13. Ba3 c4 14. Bc2 Re8 15.
Re1 h6 16. f3 g5 17. Bxe7 Rxe7 18. Nf5 Bxf5 19. Bxf5 Rae8 20. Qd2 Nh5 21. Rab1
Qc6 22. Rb5 Ng7 23. Bc2 f5 24. Qf2 Rf8 25. Rbb1 Qd7 26. f4 g4 27. a5 b5 28. Qh4
Kf7 29. h3 h5 30. Kf2 Rb8 31. hxg4 hxg4 32. Rh1 Qe6 33. Qg3 Qg6 34. Qh4 Re6 35.
g3 Ra6 36. Ra1 Re8 37. Qh7 Qxh7 38. Rxh7 Kg8 39. Rhh1 Ree6 40. Ke2 Rh6 41. Kd2
Rxh1 42. Rxh1 Kf7 43. Rh7 Kg8 44. Rh4 Rxa5 45. Rh6 Kf7 46. Kc1 Ra1+ 47. Bb1 Ra3
48. Kd2 a5 49. Rb6 Nh5 50. Bxf5 Nxg3 51. Be6+ Ke7 52. Bxd5 Ra2+ 53. Ke1 Re2+
54. Kd1 Rxe3 55. Kc2 Re2+ 56. Kd1 Rb2 57. Bxc4 Ne4 58. Kc1 Rh2 59. Bxb5 g3 60.
Rg6 Nxc3 61. Bc4 g2 62. f5 Ne4 63. Bd5 Rh1+ 64. Kc2 g1=Q 65. Rxg1 Rxg1 66. Bxe4
Rg4 67. Kd3 Kd6 68. f6 Rf4 69. Bh7 Rxf6 70. Kc4 Rf8 71. Bc2 Rc8+ 72. Kd3 Rb8
73. Kc4 Rb4+ 74. Kc3 Kd5 75. Bb3+ Ke4 76. Bc2+ Ke3 77. d5 Rd4 78. Bb3 Ke4 79.
Bc4 Ke5 80. Ba2 Rb4 81. Bb3 Kd6 82. Bc4 Rb8 83. Bb3 Kc5 84. Bc4 a4 85. Ba2 a3
86. Bb3 Rb5 87. Kc2 Kb4 88. Ba2 Rb7 89. d6 Kc5 90. d7 Rxd7 91. Kb3 Ra7 92. Kc3
Rb7 0-1

[Event "10MCR_4DW_1L_4S"]
[Site "CR"]
[Date "2012.??.??"]
[Round "?"]
[White "Tomisek, Petr"]
[Black "Jarabinsky, Martin"]
[Result "1/2-1/2"]
[WhiteElo "2251"]
[BlackElo "2127"]
[Annotator "01"]
[PlyCount "70"]
[EventDate "2012.??.??"]
[EventType "corr"]

1. e4 e5 2. Bc4 Nf6 3. d4 exd4 4. Nf3 Nc6 5. e5 d5 6. Bb5 Ne4 7. Nxd4 Bd7 8.
Bxc6 bxc6 9. O-O Bc5 10. f3 Ng5 11. f4 Ne4 12. Be3 Qb8 13. Nc3 Qxb2 14. Nxe4
dxe4 15. Qd2 Qb4 16. Qf2 Qc4 17. Nf5 Bf8 18. Nd4 Bb4 19. Rab1 O-O 20. f5 Rfd8
21. Rbd1 c5 22. e6 Bc3 23. Ne2 Bb5 24. Nxc3 Qxc3 25. Rxd8+ Rxd8 26. e7 Re8 27.
Rb1 a6 28. f6 Qxf6 29. Qxf6 gxf6 30. Bxc5 f5 31. Rd1 Kg7 32. g3 Kf6 33. Kf2 h5
34. Ke3 Ke5 35. h4 Rg8 1/2-1/2

[Event "10MCR_4DW_1L_4S"]
[Site "CR"]
[Date "2012.??.??"]
[Round "?"]
[White "Tomisek, Petr"]
[Black "Glaser, Karel"]
[Result "0-1"]
[WhiteElo "2251"]
[BlackElo "2269"]
[Annotator "02"]
[PlyCount "78"]
[EventDate "2012.??.??"]
[EventType "corr"]

1. e4 c5 2. d4 cxd4 3. c3 dxc3 4. bxc3 Nc6 5. Nf3 Nf6 6. Bd3 d5 7. e5 Ne4 8.
Nbd2 Nc5 9. Nb3 Nxd3+ 10. Qxd3 e6 11. O-O Qc7 12. Re1 Bd7 13. Nbd4 Na5 14. Nb5
Qc5 15. Nfd4 Bxb5 16. Nxb5 a6 17. Nd4 Rc8 18. Rb1 Qc7 19. Qh3 Nc6 20. Qg4 h5
21. Qg5 Nd8 22. Bb2 Qa5 23. Ra1 Rc4 24. Reb1 Ra4 25. a3 b5 26. f4 g6 27. Qf6
Rg8 28. Qh4 Nb7 29. Qh3 Nc5 30. Rc1 Rc4 31. Rc2 Be7 32. Rf1 Qc7 33. Kh1 Rh8 34.
Qe3 Ne4 35. Rcc1 h4 36. Kg1 Bc5 37. Rf3 g5 38. Re1 Bxd4 39. cxd4 Rc2 0-1

[Event "10MCR_4DW_1L_4S"]
[Site "CR"]
[Date "2012.??.??"]
[Round "?"]
[White "Tomisek, Petr"]
[Black "Portych, Vaclav"]
[Result "1/2-1/2"]
[WhiteElo "2251"]
[BlackElo "2028"]
[Annotator "03"]
[PlyCount "40"]
[EventDate "2012.??.??"]
[EventType "corr"]

1. e4 c5 2. d4 cxd4 3. c3 dxc3 4. Nxc3 e6 5. Nf3 Bb4 6. Qd4 Bxc3+ 7. Qxc3 Nf6
8. Bd3 d6 9. Bg5 O-O 10. e5 dxe5 11. Nxe5 Nbd7 12. Rd1 h6 13. h4 Qe7 14. Bc2
Nxe5 15. Qxe5 Rd8 16. Rxd8+ Qxd8 17. Bxf6 Qxf6 18. Qc7 e5 19. O-O Qxh4 20. Bb3
Be6 1/2-1/2

[Event "10MCR_4DW_1L_4S"]
[Site "CR"]
[Date "2012.??.??"]
[Round "?"]
[White "Jarabinsky, Martin"]
[Black "Sykora, Josef"]
[Result "1/2-1/2"]
[WhiteElo "2127"]
[BlackElo "2339"]
[Annotator "04"]
[PlyCount "75"]
[EventDate "2012.??.??"]
[EventType "corr"]

1. e4 c5 2. Nf3 d6 3. d4 cxd4 4. Nxd4 Nf6 5. Nc3 a6 6. Be3 e5 7. Nb3 Be6 8. f3
Be7 9. Qd2 O-O 10. O-O-O Nbd7 11. g4 b5 12. Rg1 Nb6 13. Na5 Rc8 14. g5 Nh5 15.
Kb1 g6 16. a3 Qc7 17. Nd5 Nxd5 18. exd5 Bxd5 19. Qxd5 Qxa5 20. Bd3 Qc7 21. Be4
Rb8 22. Qd3 a5 23. Bd5 Qd7 24. Rg4 Bd8 25. Rh4 Ng7 26. Re4 Bb6 27. Bxb6 Rxb6
28. f4 Re8 29. fxe5 dxe5 30. Qe2 Nf5 31. Rxe5 Rxe5 32. Qxe5 Re6 33. Qf4 Rd6 34.
Qe5 Re6 35. Qf4 Ne3 36. Bxe6 Qxd1+ 37. Ka2 fxe6 38. Qxe3 1/2-1/2

[Event "10MCR_4DW_1L_4S"]
[Site "CR"]
[Date "2012.??.??"]
[Round "?"]
[White "Portych, Vaclav"]
[Black "Glaser, Karel"]
[Result "1/2-1/2"]
[WhiteElo "2028"]
[BlackElo "2269"]
[Annotator "05"]
[PlyCount "39"]
[EventDate "2012.??.??"]
[EventType "corr"]

1. c4 Nf6 2. Nc3 e6 3. Nf3 d5 4. d4 c6 5. e3 Bd6 6. Bd3 Nbd7 7. e4 dxe4 8. Nxe4
Nxe4 9. Bxe4 e5 10. O-O exd4 11. Qxd4 Qf6 12. Be3 O-O 13. Rad1 Qxd4 14. Bxd4
Bc5 15. h3 Bxd4 16. Nxd4 Re8 17. Bc2 Nf6 18. f4 Bd7 19. Nf3 Rad8 20. Ne5
1/2-1/2

[Event "10MCR_4DW_1L_4S"]
[Site "CR"]
[Date "2012.??.??"]
[Round "?"]
[White "Glaser, Karel"]
[Black "Mudra, Oldrich"]
[Result "1/2-1/2"]
[WhiteElo "2269"]
[BlackElo "2096"]
[Annotator "06"]
[PlyCount "76"]
[EventDate "2012.??.??"]
[EventType "corr"]

1. e4 e5 2. Nf3 Nc6 3. d4 exd4 4. Nxd4 Nf6 5. Nxc6 bxc6 6. e5 Qe7 7. Qe2 Nd5 8.
c4 Nb6 9. Nc3 Qe6 10. Qe4 g6 11. Bd3 Ba6 12. b3 Bg7 13. f4 O-O 14. Ba3 f5 15.
Qe2 d6 16. O-O-O c5 17. Rhe1 Rfe8 18. Qf2 Qf7 19. Bb2 Bb7 20. exd6 cxd6 21. Bf1
Bd4 22. Qd2 Rad8 23. Nb5 Bxb2+ 24. Qxb2 d5 25. cxd5 Rxe1 26. Rxe1 Qxd5 27. Qe2
Bc6 28. Rd1 Qxd1+ 29. Qxd1 Rxd1+ 30. Kxd1 a5 31. g3 Kg7 32. Kc2 Kf6 33. Na3 Ke7
34. Nc4 Nxc4 35. Bxc4 Kd6 36. Bg8 Ke7 37. Kc3 Bb5 38. Bc4 Bc6 1/2-1/2

[Event "10MCR_4DW_1L_4S"]
[Site "CR"]
[Date "2012.??.??"]
[Round "?"]
[White "Sykora, Josef"]
[Black "Tomisek, Petr"]
[Result "1/2-1/2"]
[WhiteElo "2339"]
[BlackElo "2251"]
[Annotator "07"]
[PlyCount "62"]
[EventDate "2012.??.??"]
[EventType "corr"]

1. d4 d5 2. c4 Nc6 3. Nc3 dxc4 4. Nf3 Nf6 5. Bg5 h6 6. Bxf6 exf6 7. e3 Bd6 8.
Bxc4 O-O 9. O-O Ne7 10. h3 c6 11. a3 Bf5 12. Rc1 Qd7 13. Bd3 Bxd3 14. Qxd3 f5
15. Rfd1 Rfe8 16. Qc4 Rad8 17. Qb3 Ng6 18. Na4 Qe7 19. Re1 Nf8 20. Qc2 g6 21.
b4 Nh7 22. Nd2 Ng5 23. Rcd1 Ne4 24. Nxe4 fxe4 25. Rd2 Kg7 26. Nc5 Bb8 27. g3
Rd5 28. Kg2 Bd6 29. Rc1 Rh5 30. h4 Rd5 31. Qc4 Kg8 1/2-1/2

[Event "10MCR_4DW_1L_4S"]
[Site "CR"]
[Date "2012.??.??"]
[Round "?"]
[White "Glaser, Karel"]
[Black "Kyhos, Alois"]
[Result "1/2-1/2"]
[WhiteElo "2269"]
[BlackElo "2195"]
[Annotator "08"]
[PlyCount "83"]
[EventDate "2012.??.??"]
[EventType "corr"]

1. e4 c5 2. Nf3 d6 3. d4 cxd4 4. Nxd4 Nf6 5. Nc3 a6 6. Be3 e5 7. Nb3 Be6 8. Be2
Be7 9. O-O Nbd7 10. Qd3 Rc8 11. Nd5 Bxd5 12. exd5 Nb6 13. Bf3 Nc4 14. Bc1 Nd7
15. Nd2 Nxd2 16. Bxd2 Bg5 17. Bb4 Nc5 18. Qa3 f5 19. Bh5+ g6 20. Be2 O-O 21. c4
b6 22. Bxc5 bxc5 23. b4 cxb4 24. Qxb4 Rb8 25. Qa3 e4 26. c5 dxc5 27. Qxc5 Rc8
28. Qa3 Qxd5 29. Rad1 Bd2 30. Qxa6 Rc2 31. Rb1 Ra8 32. Qf6 Bc3 33. Qe7 Qf7 34.
Qxf7+ Kxf7 35. Bc4+ Kf6 36. Rfc1 Rxc1+ 37. Rxc1 Bb2 38. Rc2 Ba3 39. Bb3 Rd8 40.
Rc6+ Kg5 41. g3 Rd2 42. Rc2 1/2-1/2

[Event "10MCR_4DW_1L_4S"]
[Site "CR"]
[Date "2012.??.??"]
[Round "?"]
[White "Kyhos, Alois"]
[Black "Portych, Vaclav"]
[Result "1/2-1/2"]
[WhiteElo "2195"]
[BlackElo "2028"]
[Annotator "09"]
[PlyCount "38"]
[EventDate "2012.??.??"]
[EventType "corr"]

1. e4 c5 2. Nf3 Nc6 3. d4 cxd4 4. Nxd4 Nf6 5. Nc3 e5 6. Ndb5 d6 7. Bg5 a6 8.
Na3 b5 9. Nd5 Be7 10. Bxf6 Bxf6 11. c3 Bg5 12. Nc2 Ne7 13. Ncb4 O-O 14. a4 bxa4
15. Qxa4 Nxd5 16. Nxd5 Bd7 17. Qa2 a5 18. Bc4 a4 19. O-O g6 1/2-1/2

[Event "10MCR_4DW_1L_4S"]
[Site "CR"]
[Date "2012.??.??"]
[Round "?"]
[White "Tomisek, Petr"]
[Black "Trs, Jan"]
[Result "1/2-1/2"]
[WhiteElo "2251"]
[BlackElo "2096"]
[Annotator "10"]
[PlyCount "23"]
[EventDate "2012.??.??"]
[EventType "corr"]

1. e4 c6 2. Nc3 d5 3. Qf3 e6 4. d4 Nf6 5. e5 Nfd7 6. Nh3 h6 7. Nf4 c5 8. Qh5
cxd4 9. Nxe6 g6 10. Qg4 fxe6 11. Qxg6+ Ke7 12. Bg5+ 1/2-1/2